Detalles MARC
| 000 -CABECERA |
| campo de control de longitud fija |
01062nam a22002777a 4500 |
| 003 - IDENTIFICADOR DEL NÚMERO DE CONTROL |
| campo de control |
DO-SdBNP |
| 005 - FECHA Y HORA DE LA ÚLTIMA TRANSACCIÓN |
| campo de control |
20260429123224.0 |
| 007 - CAMPO FIJO DE DESCRIPCIÓN FÍSICA--INFORMACIÓN GENERAL |
| campo de control de longitud fija |
ta |
| 008 - DATOS DE LONGITUD FIJA--INFORMACIÓN GENERAL |
| campo de control de longitud fija |
211108b2016 a|||e |||| 001 0 spa d |
| 020 ## - NÚMERO INTERNACIONAL ESTÁNDAR DEL LIBRO |
| Número Internacional Estándar del Libro |
9789945904314 |
| 040 ## - FUENTE DE LA CATALOGACIÓN |
| Centro catalogador/agencia de origen |
DO-SdBNP |
| Lengua de catalogación |
spa |
| Centro/agencia transcriptor |
BNPHU |
| 082 4# - NÚMERO DE LA CLASIFICACIÓN DECIMAL DEWEY |
| Número de edición |
22 |
| Número de documento/Ítem |
P273a |
| 245 10 - MENCIÓN DE TÍTULO |
| Título |
Acción de la sociedad civil por la seguridad y la justicia (PASJ) : |
| Resto del título |
actuaciones irregulares de la Policía Nacional en el ejercicio de sus funciones / |
| Mención de responsabilidad, etc. |
Participación Ciudadana |
| 250 ## - MENCIÓN DE EDICIÓN |
| Resto de la mención de edición |
Rosalía Sosa |
| 260 ## - PUBLICACIÓN, DISTRIBUCIÓN, ETC. |
| Lugar de publicación, distribución, etc. |
Santo Domingo : |
| Nombre del editor, distribuidor, etc. |
Participación Ciudadana, |
| Fecha de publicación, distribución, etc. |
2016. |
| 300 ## - DESCRIPCIÓN FÍSICA |
| Extensión |
28 p. : |
| Otras características físicas |
il.; |
| Dimensiones |
28 cm |
| 500 ## - NOTA GENERAL |
| Nota general |
Preparado con el patrocinio de la Angencia de los Estados Unidos para el desarrollo Internacional (USAID). |
| 500 ## - NOTA GENERAL |
| Nota general |
Incluye tabla de contenido. |
| 590 ## - NOTA LOCAL (RLIN) |
| Nota local |
Inventariado, 2021 /SA |
| 650 40 - PUNTO DE ACCESO ADICIONAL DE MATERIA--TÉRMINO DE MATERIA |
| 9 (RLIN) |
2151 |
| Término de materia o nombre geográfico como elemento de entrada |
Seguridad social |
| Subdivisión geográfica |
República Dominicana |
| 650 40 - PUNTO DE ACCESO ADICIONAL DE MATERIA--TÉRMINO DE MATERIA |
| Término de materia o nombre geográfico como elemento de entrada |
Conducta policial |
| 9 (RLIN) |
80520 |
| 650 20 - PUNTO DE ACCESO ADICIONAL DE MATERIA--TÉRMINO DE MATERIA |
| Término de materia o nombre geográfico como elemento de entrada |
Participación política |
| 9 (RLIN) |
456 |
| 700 ## - PUNTO DE ACCESO ADICIONAL--NOMBRE DE PERSONA |
| Nombre de persona |
Benito Sánchez, Ana Belén |
| Término indicativo de función/relación |
Análisis |
| 9 (RLIN) |
80521 |
| 910 ## - DATOS DE OPCIÓN DEL USUARIO (OCLC) |
| Datos de opción del usuario |
Saquino |
| 942 ## - ELEMENTOS DE PUNTO DE ACCESO ADICIONAL (KOHA) |
| Fuente del sistema de clasificación o colocación |
Dewey Decimal Classification |
| Tipo de ítem Koha |
Folleto |